000 00429nmm a2200157Ia 4500
008 251105s9999||||xx |||||||||||||||||und||
020 _a9788416848072
041 _aspa
100 _aSánchez Centellas, Daniel
245 0 _aCruzatiempos
264 _a[Madrid, España] :
_bExLibric,
_c2016
300 _a136 páginas
650 _aSpanish narrative
856 _uhttps://public.digitaliapublishing.com/a/85399
942 _cCF
999 _c78049
_d78049